000
00304 a2200145 4500
001
160416
020
_a
040
_c
Magnum
100
_a
-
240
1
0
_a
Os musicos de bremen/edelbra
_l
por
245
1
0
_a
Os musicos de bremen/edelbra
362
0
_a
1899
697
_a
I/FADAS, FANTASIA
942
_c
BK
999
_c
160416
_d
160416